[Event "37. Copenhagen Open (Politiken Cup)"]
[Site "Elsinore"]
[Date "2015.07.29"]
[Round "6"]
[White "Perrett, David C"]
[Black "Rossen, Claus"]
[Result "0-1"]
[WhiteElo "1937"]
[BlackElo "2193"]
[PlyCount "75"]
[EventDate "2015.07.25"]
[EventType "swiss"]
[EventRounds "10"]
[EventCountry "DEN"]
[Source "ChessBase"]
[SourceDate "2015.09.14"]

1. d4 Nf6 2. Bg5 c5 3. Bxf6 gxf6 4. d5 d6 5. c4 b5 6. cxb5 a6 7. e3 f5 8. Nc3
Bg7 9. Bd3 axb5 10. Bxb5+ Bd7 11. Bxd7+ Nxd7 12. Nge2 Ne5 13. O-O Qb6 14. Qc2
O-O 15. Rab1 Nc4 16. Rfd1 e6 17. e4 fxe4 18. Nxe4 Ne5 19. Ng5 Ng6 20. dxe6 fxe6
21. Nxe6 Rf5 22. Nxg7 Kxg7 23. Ng3 Nf4 24. Qe4 Raf8 25. Rd2 Qa5 26. Rbd1 Re5
27. Qb1 d5 28. a3 d4 29. f3 Rfe8 30. Ne4 d3 31. b4 Qxa3 32. Nxc5 Re2 33. Rxe2
dxe2 34. Re1 Qe3+ 35. Kh1 Qf2 36. Qb2+ Kf7 37. Rg1 Qxg1+ 38. Kxg1 0-1

[Event "37. Copenhagen Open (Politiken Cup)"]
[Site "Elsinore"]
[Date "2015.07.29"]
[Round "6"]
[White "Petersen, Jan"]
[Black "Norevall, Ulf"]
[Result "1-0"]
[WhiteElo "1699"]
[BlackElo "1905"]
[PlyCount "159"]
[EventDate "2015.07.25"]
[EventType "swiss"]
[EventRounds "10"]
[EventCountry "DEN"]
[Source "ChessBase"]
[SourceDate "2015.09.14"]

1. d4 d5 2. c4 c6 3. Nc3 dxc4 4. e4 e5 5. d5 cxd5 6. Nxd5 a6 7. Bxc4 Be6 8. Ne2
Bxd5 9. Bxd5 Bb4+ 10. Bd2 Bxd2+ 11. Qxd2 Nc6 12. Bxc6+ bxc6 13. Qc3 Qf6 14. O-O
Qe6 15. Rfd1 Ne7 16. Qc5 O-O 17. Rd6 Qg4 18. f3 Qg5 19. Rad1 h6 20. Qc1 a5 21.
Qxg5 hxg5 22. Rd7 Rfe8 23. Rb7 a4 24. a3 Rab8 25. Rdd7 Kf8 26. Nc3 Ra8 27. Ra7
Rad8 28. Nxa4 g6 29. Nb6 f5 30. Nc4 Nc8 31. Rf7+ Kg8 32. Rg7+ Kh8 33. Rh7+ Kg8
34. Rag7+ Kf8 35. exf5 gxf5 36. Rxg5 f4 37. Rh8+ Kf7 38. Rxe8 Rd1+ 39. Kf2 Kxe8
40. Rxe5+ Kd7 41. Re4 Ne7 42. Rxf4 Nd5 43. Rh4 Rc1 44. Rd4 Rc2+ 45. Kg3 Ke6 46.
h4 Rc1 47. h5 Kf6 48. Rh4 Kg5 49. h6 Nf6 50. h7 Nxh7 51. Rxh7 Rxc4 52. Rc7 Rc2
53. Rb7 c5 54. a4 Rc1 55. b3 Rb1 56. Rb5 Kg6 57. Rxc5 Rxb3 58. a5 Ra3 59. Rc6+
Kf5 60. Rc5+ Ke6 61. Kg4 Ra2 62. g3 Ra4+ 63. f4 Ra3 64. Kh4 Ra4 65. Kg5 Ra3 66.
g4 Ra1 67. Rb5 Kf7 68. Kf5 Ra2 69. g5 Ra4 70. g6+ Kg7 71. Rb7+ Kg8 72. Ra7 Rb4
73. Kg5 Rc4 74. f5 Rc5 75. Kf6 Rc6+ 76. Kg5 Rc5 77. Kh6 Rc8 78. Rb7 Rf8 79. a6
Rxf5 80. Rb8+ 1-0

[Event "37. Copenhagen Open (Politiken Cup)"]
[Site "Elsinore"]
[Date "2015.07.29"]
[Round "6"]
[White "Petersen, Martin Reib"]
[Black "Maagaard, David Bille"]
[Result "1-0"]
[WhiteElo "2122"]
[BlackElo "1859"]
[PlyCount "33"]
[EventDate "2015.07.25"]
[EventType "swiss"]
[EventRounds "10"]
[EventCountry "DEN"]
[Source "ChessBase"]
[SourceDate "2015.09.14"]

1. e4 e5 2. f4 Nc6 3. Nc3 d6 4. Nf3 Bd7 5. Bc4 Be7 6. d3 Bf6 7. Nd5 Na5 8. Bb3
Nxb3 9. axb3 c6 10. Nxf6+ Nxf6 11. fxe5 dxe5 12. O-O Bg4 13. Qe1 Nh5 14. Be3
Qc7 15. Qh4 Bxf3 16. Rxf3 Nf6 17. Qg5 1-0

[Event "37. Copenhagen Open (Politiken Cup)"]
[Site "Elsinore"]
[Date "2015.07.29"]
[Round "6"]
[White "Petersen, Peter Birk"]
[Black "Kaasen, Tor Fredrik"]
[Result "1-0"]
[WhiteElo "2197"]
[BlackElo "2026"]
[PlyCount "99"]
[EventDate "2015.07.25"]
[EventType "swiss"]
[EventRounds "10"]
[EventCountry "DEN"]
[Source "ChessBase"]
[SourceDate "2015.09.14"]

1. e4 c5 2. Nf3 e6 3. d4 cxd4 4. Nxd4 Nc6 5. Nc3 Qc7 6. Be3 a6 7. Qd2 Nf6 8. f3
Bb4 9. O-O-O d5 10. a3 Bxc3 11. Qxc3 O-O 12. e5 Nd7 13. f4 Nb6 14. Nxc6 bxc6
15. Qa5 Rb8 16. Rd3 Na8 17. Qxc7 Nxc7 18. Bc5 Rd8 19. Bd6 Rd7 20. Rc3 Rb6 21.
a4 a5 22. Bc5 Rb8 23. h4 Ba6 24. Bd6 Rb6 25. Rc5 Bxf1 26. Rxf1 Ra6 27. Rf3 Ne8
28. Rb3 f6 29. Bb8 Rd8 30. Rb7 Kf8 31. h5 h6 32. g4 Rc8 33. b3 Rd8 34. f5 exf5
35. e6 Rc8 36. gxf5 Ra8 37. Bf4 Ra6 38. Kd2 Kg8 39. Kd3 Kf8 40. Kd4 Kg8 41. Rc3
Kh8 42. Bh2 Raa8 43. Kc5 Ra6 44. Rd3 Kg8 45. c4 g6 46. hxg6 Ng7 47. Rf3 dxc4
48. bxc4 Re8 49. Rc7 Rxe6 50. Rxg7+ 1-0

[Event "37. Copenhagen Open (Politiken Cup)"]
[Site "Elsinore"]
[Date "2015.07.29"]
[Round "6"]
[White "Petersen, Rasmus"]
[Black "Hansen, John Laurids"]
[Result "1-0"]
[WhiteElo "1727"]
[BlackElo "1986"]
[PlyCount "55"]
[EventDate "2015.07.25"]
[EventType "swiss"]
[EventRounds "10"]
[EventCountry "DEN"]
[Source "ChessBase"]
[SourceDate "2015.09.14"]

1. d4 Nf6 2. c4 g6 3. Nc3 d5 4. cxd5 Nxd5 5. e4 Nxc3 6. bxc3 Bg7 7. Nf3 c5 8.
Be3 cxd4 9. Bxd4 O-O 10. Bxg7 Kxg7 11. Qd4+ Kg8 12. Bc4 Qc7 13. Bb3 Nc6 14. Qe3
Rd8 15. O-O Bg4 16. Ng5 Rf8 17. h3 Bd7 18. Rfd1 Rad8 19. Rd2 h6 20. Nxf7 Rxf7
21. Qxh6 Ne5 22. Bxf7+ Kxf7 23. Qh7+ Kf8 24. Rad1 Rc8 25. f4 Ba4 26. Rd8+ Rxd8
27. Rxd8+ Qxd8 28. Qh8+ 1-0

[Event "37. Copenhagen Open (Politiken Cup)"]
[Site "Elsinore"]
[Date "2015.07.29"]
[Round "6"]
[White "Ragger, Markus"]
[Black "Rakhmanov, Alexander"]
[Result "1/2-1/2"]
[WhiteElo "2688"]
[BlackElo "2626"]
[PlyCount "68"]
[EventDate "2015.07.25"]
[EventType "swiss"]
[EventRounds "10"]
[EventCountry "DEN"]
[Source "ChessBase"]
[SourceDate "2015.09.14"]

1. d4 Nf6 2. c4 d6 3. Nf3 g6 4. Nc3 Bf5 5. Qb3 Qc8 6. c5 c6 7. cxd6 exd6 8. Ng5
d5 9. f3 Bg7 10. e4 Bd7 11. e5 Ng8 12. Nce4 Bf8 13. Nc5 Bxc5 14. dxc5 h6 15. e6
Bxe6 16. Nxe6 Qxe6+ 17. Kf2 Nd7 18. Qxb7 Rb8 19. Qxa7 Ngf6 20. Bd3 O-O 21. Qa3
Ne5 22. Rd1 Rfe8 23. Bf1 g5 24. Kg1 g4 25. fxg4 Ne4 26. h3 f5 27. Qe3 fxg4 28.
b3 gxh3 29. Qxh3 Qxh3 30. gxh3 Nf3+ 31. Kg2 Nh4+ 32. Kh2 Nf3+ 33. Kg2 Nh4+ 34.
Kh2 Nf3+ 1/2-1/2

[Event "37. Copenhagen Open (Politiken Cup)"]
[Site "Elsinore"]
[Date "2015.07.29"]
[Round "6"]
[White "Ranaldi, Lucas"]
[Black "Matthiesen, Martin"]
[Result "0-1"]
[WhiteElo "2142"]
[BlackElo "2347"]
[PlyCount "136"]
[EventDate "2015.07.25"]
[EventType "swiss"]
[EventRounds "10"]
[EventCountry "DEN"]
[Source "ChessBase"]
[SourceDate "2015.09.14"]

1. b3 e5 2. Bb2 Nc6 3. e3 Nf6 4. Bb5 Bd6 5. Ne2 O-O 6. Ng3 a6 7. Bxc6 dxc6 8.
d3 Re8 9. Nd2 Ng4 10. h3 Nh6 11. e4 f6 12. O-O Bd7 13. Qf3 Nf7 14. Qe3 a5 15.
a4 Ng5 16. Ne2 Ne6 17. Kh1 c5 18. Nc4 Nd4 19. Qd2 b6 20. Nxd4 cxd4 21. f4 Bb4
22. Qf2 Qe7 23. f5 b5 24. axb5 Bxb5 25. Ra2 Ra6 26. Rfa1 Rea8 27. Na3 Be8 28.
Nc4 Bf7 29. Qe2 g6 30. g4 Kh8 31. Ra4 gxf5 32. gxf5 Rg8 33. Kh2 Bxc4 34. dxc4
Qg7 35. Qf2 Bd2 36. Rg1 Bf4+ 37. Kh1 Qh6 38. Rxg8+ Kxg8 39. Qf3 Bc1 40. Qg2+
Kf7 41. Bxc1 Qxc1+ 42. Kh2 Qf4+ 43. Kh1 Ra8 44. Ra1 Rg8 45. Qe2 Qh4 46. Qf1
Qxe4+ 47. Kh2 Qxc2+ 48. Kh1 Rg3 49. c5 Rxb3 50. Rc1 Qe4+ 51. Kg1 Qe3+ 52. Kh2
Qg3+ 53. Kh1 Qxh3+ 54. Qxh3 Rxh3+ 55. Kg2 Rc3 56. Rh1 Kg7 57. Ra1 Rxc5 58. Kf3
Rc3+ 59. Ke4 Rc5 60. Rg1+ Kh8 61. Rb1 a4 62. Rb8+ Kg7 63. Ra8 Rc6 64. Rxa4 Rd6
65. Ra7 d3 66. Rxc7+ Kh6 67. Rc1 Rd4+ 68. Ke3 d2 0-1

[Event "37. Copenhagen Open (Politiken Cup)"]
[Site "Elsinore"]
[Date "2015.07.29"]
[Round "6"]
[White "Rasdal, Yngve"]
[Black "Franzen, Per Erik"]
[Result "1/2-1/2"]
[WhiteElo "1790"]
[BlackElo "1988"]
[PlyCount "100"]
[EventDate "2015.07.25"]
[EventType "swiss"]
[EventRounds "10"]
[EventCountry "DEN"]
[Source "ChessBase"]
[SourceDate "2015.09.14"]

1. d4 Nf6 2. Nf3 e6 3. e3 d5 4. Bd3 Bd6 5. b3 Nc6 6. Bb2 Nb4 7. Be2 Ne4 8. a3
Nc6 9. Nbd2 Nxd2 10. Qxd2 O-O 11. O-O b6 12. Bd3 Bb7 13. Qe2 Qe7 14. Ne5 a5 15.
f4 g6 16. Rf3 f5 17. Rg3 Bxe5 18. fxe5 Nd8 19. Qh5 Qg7 20. Qe2 c5 21. Rf1 Nc6
22. Rf4 Ne7 23. Rh4 Kf7 24. Bc1 h5 25. Rxh5 Rh8 26. Rhg5 a4 27. Qf1 Qh7 28. h3
axb3 29. cxb3 Rhc8 30. Be2 Rc7 31. Qf4 Ba6 32. Bf3 Bd3 33. h4 cxd4 34. exd4
Rxc1+ 35. Qxc1 Qxh4 36. Qc3 Be4 37. Bxe4 Qxe4 38. Re3 Qh4 39. Rgg3 Rc8 40. Qd2
f4 41. Ref3 Qxg3 42. Rxg3 fxg3 43. Kf1 Nf5 44. Ke2 Rc2 45. Qxc2 Nxd4+ 46. Kd3
Nxc2 47. Kxc2 Ke7 48. a4 Kd7 49. b4 Kc7 50. Kd3 Kd8 1/2-1/2

[Event "37. Copenhagen Open (Politiken Cup)"]
[Site "Elsinore"]
[Date "2015.07.29"]
[Round "6"]
[White "Rasmussen, Allan Stig"]
[Black "Kvisvik, Brede Alexander"]
[Result "1-0"]
[WhiteElo "2502"]
[BlackElo "2304"]
[PlyCount "77"]
[EventDate "2015.07.25"]
[EventType "swiss"]
[EventRounds "10"]
[EventCountry "DEN"]
[Source "ChessBase"]
[SourceDate "2015.09.14"]

1. d4 f5 2. c4 Nf6 3. Nc3 g6 4. Nf3 d6 5. g3 Bg7 6. Bg2 O-O 7. O-O Qe8 8. d5
Na6 9. Nd4 Nc5 10. b4 Nfe4 11. Ncb5 Na6 12. f3 Nf6 13. f4 Ne4 14. Bb2 c6 15.
dxc6 bxc6 16. Nc3 Nxb4 17. Nxe4 fxe4 18. Bc3 c5 19. Nb5 Bxc3 20. Nxc3 Be6 21.
a3 Nc6 22. Nd5 Rc8 23. Bxe4 Bh3 24. Rf2 Nd4 25. e3 Nf5 26. Qd3 Rb8 27. Nc7 Qc8
28. Bd5+ Kh8 29. Ne6 Rf6 30. Ng5 Nh6 31. Nxh3 Qxh3 32. Rb1 Rxb1+ 33. Qxb1 e6
34. Bg2 Qh5 35. Bf3 Qf5 36. e4 Qh3 37. Qb8+ Kg7 38. Qxd6 Nf7 39. Qd7 1-0

[Event "37. Copenhagen Open (Politiken Cup)"]
[Site "Elsinore"]
[Date "2015.07.29"]
[Round "6"]
[White "Rasmussen, Jonas H"]
[Black "Tryggestad, Linnea Garberg"]
[Result "1-0"]
[WhiteElo "1852"]
[BlackElo "1422"]
[PlyCount "67"]
[EventDate "2015.07.25"]
[EventType "swiss"]
[EventRounds "10"]
[EventCountry "DEN"]
[Source "ChessBase"]
[SourceDate "2015.09.14"]

1. d4 Nf6 2. c4 g6 3. Nf3 Bg7 4. g3 O-O 5. Bg2 d5 6. O-O Bf5 7. Nc3 c5 8. dxc5
dxc4 9. Qxd8 Rxd8 10. Nd2 Nc6 11. Nxc4 Nd4 12. e4 Be6 13. Na3 Nd7 14. Bg5 f6
15. Be3 Nc6 16. Nd5 Bxd5 17. exd5 Nb4 18. c6 Nb6 19. c7 Rdc8 20. d6 N6d5 21.
Bc5 exd6 22. Bxb4 Nxb4 23. Bxb7 Nd3 24. Bxa8 Rxa8 25. Nb5 Bf8 26. Nxa7 Kf7 27.
c8=Q Rxc8 28. Nxc8 Nxb2 29. a4 Nxa4 30. Rxa4 Ke6 31. Rd1 Kd7 32. Nxd6 Bxd6 33.
Rad4 Ke7 34. Rxd6 1-0

[Event "37. Copenhagen Open (Politiken Cup)"]
[Site "Elsinore"]
[Date "2015.07.29"]
[Round "6"]
[White "Rasmussen, Morten(1956)"]
[Black "Merkesvik, Amalie Isabel"]
[Result "0-1"]
[WhiteElo "1879"]
[BlackElo "1461"]
[PlyCount "122"]
[EventDate "2015.07.25"]
[EventType "swiss"]
[EventRounds "10"]
[EventCountry "DEN"]
[Source "ChessBase"]
[SourceDate "2015.09.14"]

1. d4 d5 2. c4 c6 3. Nf3 Nf6 4. e3 Bf5 5. Nc3 g6 6. Be2 Bg7 7. O-O O-O 8. b3
Nbd7 9. Bb2 Re8 10. cxd5 cxd5 11. Nh4 e6 12. Nxf5 exf5 13. Rc1 a6 14. b4 Nb6
15. Qb3 Qd6 16. b5 a5 17. Ba3 Qb8 18. Bc5 Nbd7 19. Nxd5 a4 20. Nxf6+ Nxf6 21.
Qa3 Ne4 22. Bb4 f4 23. f3 Nf6 24. e4 Nxe4 25. fxe4 Rxe4 26. Bf3 Bxd4+ 27. Kh1
Re3 28. Bc3 Qc8 29. Bxd4 Rxa3 30. Rxc8+ Rxc8 31. Bxb7 Rd8 32. Bf6 Rb8 33. Bc6
Rxa2 34. Re1 Rd2 35. b6 Rd6 36. Be5 Re6 37. Bd5 Rbxb6 38. Bxe6 Rxe6 39. Bc3
Rxe1+ 40. Bxe1 Kf8 41. Kg1 Ke7 42. Kf2 Kd6 43. Ke2 Ke5 44. Kd3 f5 45. Bc3+ Kd5
46. Bd4 g5 47. Bf6 g4 48. Bb2 h5 49. Ba1 a3 50. Bc3 h4 51. Ba1 f3 52. Ke3 fxg2
53. Kf2 Ke4 54. Kxg2 f4 55. Kf2 g3+ 56. hxg3 hxg3+ 57. Ke2 f3+ 58. Kf1 Ke3 59.
Bf6 g2+ 60. Kg1 Ke2 61. Bd4 a2 0-1

[Event "37. Copenhagen Open (Politiken Cup)"]
[Site "Elsinore"]
[Date "2015.07.29"]
[Round "6"]
[White "Rasmussen, Morten Fredsgaard"]
[Black "Engel, Robert"]
[Result "1-0"]
[WhiteElo "1932"]
[BlackElo "1725"]
[PlyCount "139"]
[EventDate "2015.07.25"]
[EventType "swiss"]
[EventRounds "10"]
[EventCountry "DEN"]
[Source "ChessBase"]
[SourceDate "2015.09.14"]

1. d4 Nf6 2. Nf3 g6 3. Bg5 Ne4 4. Bh4 Bg7 5. Nbd2 Nxd2 6. Qxd2 d5 7. e3 O-O 8.
Bd3 c5 9. c3 Qc7 10. Bg3 Qb6 11. O-O e6 12. b4 cxd4 13. cxd4 Nc6 14. b5 Ne7 15.
Rfc1 Qd8 16. Qb4 Nf5 17. Bxf5 exf5 18. Rc7 Re8 19. Rac1 Bf8 20. Qc3 g5 21. Ne5
Be7 22. Nd3 h5 23. h3 Bd6 24. Bxd6 Qxd6 25. Ne5 f6 26. Ng6 Qe6 27. Qc5 Bd7 28.
a4 b6 29. Qa3 Kg7 30. R1c6 Qf7 31. Rd6 Rad8 32. Rxa7 Kxg6 33. Rxb6 Ra8 34. Rbb7
Rxa7 35. Rxa7 Qe6 36. Qb4 Rb8 37. Qc5 Rc8 38. Qb4 Rc4 39. Qa5 Rc1+ 40. Kh2 Qd6+
41. g3 Rc8 42. Ra6 Qe7 43. b6 Bc6 44. Ra7 Bb7 45. Qb5 Rb8 46. a5 Qd6 47. a6 Bc6
48. Qc5 Qe6 49. Re7 Qc8 50. Rc7 Qxa6 51. Rxc6 Qe2 52. Kg2 g4 53. hxg4 hxg4 54.
Qxd5 Rh8 55. Rxf6+ Kxf6 56. Qe5+ Kg6 57. Qd6+ Kf7 58. Qf4 Qd1 59. Qxf5+ Ke7 60.
Qe5+ Kf7 61. Qxh8 Qf3+ 62. Kg1 Qd1+ 63. Kh2 Qe2 64. Qh5+ Ke6 65. Qe5+ Kd7 66.
Qd5+ Kc8 67. Qc6+ Kd8 68. Kg2 Qa6 69. Qc7+ Ke8 70. b7 1-0

[Event "37. Copenhagen Open (Politiken Cup)"]
[Site "Elsinore"]
[Date "2015.07.29"]
[Round "6"]
[White "Risting, Eivind Olav"]
[Black "Antonsen, Mikkel"]
[Result "1-0"]
[WhiteElo "2190"]
[BlackElo "2469"]
[PlyCount "99"]
[EventDate "2015.07.25"]
[EventType "swiss"]
[EventRounds "10"]
[EventCountry "DEN"]
[Source "ChessBase"]
[SourceDate "2015.09.14"]

1. b3 Nf6 2. Bb2 g6 3. e4 d6 4. g3 Bg7 5. Bg2 O-O 6. Ne2 c5 7. O-O Nc6 8. d4
cxd4 9. Nxd4 Bd7 10. c4 Nxd4 11. Bxd4 Bc6 12. Nc3 a5 13. Qe2 Nd7 14. Bxg7 Kxg7
15. Rfd1 Re8 16. Rac1 Kg8 17. Qe3 Qb8 18. Bf1 b6 19. Rd2 Ra7 20. Rdc2 Nc5 21.
h4 Rd7 22. h5 e6 23. Qf4 Qd8 24. hxg6 hxg6 25. Rd2 g5 26. Qe3 Qf6 27. Rcd1 Red8
28. Bg2 Qg7 29. f4 f6 30. Kf2 Kf7 31. Bf3 e5 32. fxg5 Qxg5 33. Qxg5 fxg5 34.
Bg4 Rb7 35. Ke3 Ne6 36. Rxd6 Rxd6 37. Rxd6 Nd4 38. Nd5 a4 39. bxa4 Kg7 40. Kd3
Rf7 41. Nxb6 Rf2 42. Nd7 Bxd7 43. Rxd7+ Kf6 44. c5 Rxa2 45. c6 Ra3+ 46. Kc4
Rxa4+ 47. Kc5 Ra5+ 48. Kb6 Rb5+ 49. Ka6 Rc5 50. c7 1-0

[Event "37. Copenhagen Open (Politiken Cup)"]
[Site "Elsinore"]
[Date "2015.07.29"]
[Round "6"]
[White "Robertsen, Bjorn"]
[Black "Andreassen, Mikkel"]
[Result "1-0"]
[WhiteElo "1676"]
[BlackElo "1954"]
[PlyCount "91"]
[EventDate "2015.07.25"]
[EventType "swiss"]
[EventRounds "10"]
[EventCountry "DEN"]
[Source "ChessBase"]
[SourceDate "2015.09.14"]

1. d4 d5 2. c4 c6 3. Nf3 Nf6 4. Nc3 e6 5. e3 Nbd7 6. Qc2 Bd6 7. Bd3 h6 8. O-O
O-O 9. Rd1 Re8 10. b3 e5 11. cxd5 cxd5 12. dxe5 Nxe5 13. Nxe5 Bxe5 14. Bb2 Be6
15. Ne2 Rc8 16. Qd2 Bb8 17. Nd4 Qd6 18. g3 Bg4 19. Be2 Be6 20. Nxe6 fxe6 21.
Bxf6 gxf6 22. e4 Qf8 23. exd5 Red8 24. Bf3 e5 25. Rac1 Bd6 26. Rxc8 Rxc8 27.
Rc1 Bb4 28. Qe3 Bc5 29. Qd2 Bb4 30. Rxc8 Bxd2 31. Rxf8+ Kxf8 32. Be4 Ke7 33.
Kg2 Kd6 34. Kf3 h5 35. Ke2 Bc1 36. Kd3 b5 37. Kc3 h4 38. gxh4 a6 39. a4 bxa4
40. bxa4 Kc5 41. Kd3 a5 42. Ke2 Bf4 43. Kf3 Kd6 44. Kg4 Bxh2 45. Kf5 Ke7 46.
Kg6 1-0

[Event "37. Copenhagen Open (Politiken Cup)"]
[Site "Elsinore"]
[Date "2015.07.29"]
[Round "6"]
[White "Roe, Simon J"]
[Black "Brendel, Bergit"]
[Result "1-0"]
[WhiteElo "2240"]
[BlackElo "2086"]
[PlyCount "76"]
[EventDate "2015.07.25"]
[EventType "swiss"]
[EventRounds "10"]
[EventCountry "DEN"]
[Source "ChessBase"]
[SourceDate "2015.09.14"]

1. Nf3 d5 2. c4 e6 3. d4 c5 4. cxd5 exd5 5. Nc3 Nc6 6. dxc5 d4 7. Na4 Bxc5 8.
Nxc5 Qa5+ 9. Qd2 Qxc5 10. a3 Bg4 11. b4 Qd5 12. Bb2 Rd8 13. Rd1 Bxf3 14. exf3
a6 15. Bd3 Nge7 16. O-O O-O 17. Rfe1 Rd7 18. Qc2 Qh5 19. Re4 Rd6 20. Qe2 Nd5
21. g3 Nf6 22. Rh4 Qe5 23. Qd2 h6 24. Bc4 Qg5 25. f4 Qf5 26. Bd3 Qd7 27. Re1
Re8 28. Rxe8+ Qxe8 29. Qc2 Nd5 30. Rh5 Qe6 31. Qc5 Rd8 32. Kf1 Nf6 33. Rh4 Re8
34. f5 Qe1+ 35. Kg2 Re5 36. Qd6 Qd2 37. Bxd4 Rd5 38. Qf4 Rxd4 1-0

[Event "37. Copenhagen Open (Politiken Cup)"]
[Site "Elsinore"]
[Date "2015.07.29"]
[Round "6"]
[White "Roksvold, Jan"]
[Black "Boukhris, Yacine"]
[Result "0-1"]
[WhiteElo "1927"]
[BlackElo "2163"]
[PlyCount "108"]
[EventDate "2015.07.25"]
[EventType "swiss"]
[EventRounds "10"]
[EventCountry "DEN"]
[Source "ChessBase"]
[SourceDate "2015.09.14"]

1. Nf3 Nf6 2. c4 g6 3. Nc3 Bg7 4. e4 d6 5. d4 O-O 6. Be2 e5 7. dxe5 dxe5 8.
Qxd8 Rxd8 9. Bg5 Re8 10. Nd5 Nxd5 11. cxd5 c6 12. Bc4 cxd5 13. Bxd5 Na6 14. Rc1
Nb4 15. Bc4 Be6 16. Ke2 Nxa2 17. Bxa2 Bxa2 18. Rc7 b5 19. Nd2 Be6 20. Ra1 a5
21. Rb7 Bc8 22. Rc7 a4 23. Be7 Be6 24. f3 Rac8 25. Rxc8 Rxc8 26. Kd3 f6 27. Ra3
Kf7 28. Bb4 Rd8+ 29. Kc2 Bh6 30. Rd3 Rc8+ 31. Rc3 Rxc3+ 32. Kxc3 Be3 33. Ba3
Ke8 34. Nb1 Bc4 35. Nd2 Be6 36. Nb1 Kd7 37. Kb4 Kc6 38. Nc3 Bc4 39. Nd5 Bd2+
40. Nc3 Be3 41. Nxa4 Bf1 42. Nc3 Bxg2 43. Nxb5 Bxf3 44. Nc3 Bd2 45. Kc4 Bxc3
46. bxc3 Bxe4 47. Be7 f5 48. Bf6 Kd6 49. Kb5 f4 50. Bg5 Kd5 51. Kb4 Bd3 52. Kb3
Ke4 53. c4 f3 54. Be3 Kxe3 0-1

[Event "37. Copenhagen Open (Politiken Cup)"]
[Site "Elsinore"]
[Date "2015.07.29"]
[Round "6"]
[White "Rolvag, Birk Anders"]
[Black "Sigeman, Johan"]
[Result "0-1"]
[WhiteElo "1970"]
[BlackElo "2138"]
[PlyCount "60"]
[EventDate "2015.07.25"]
[EventType "swiss"]
[EventRounds "10"]
[EventCountry "DEN"]
[Source "ChessBase"]
[SourceDate "2015.09.14"]

1. d4 Nf6 2. Nf3 e6 3. c4 b6 4. e3 Bb7 5. Bd3 Bb4+ 6. Bd2 Be7 7. Nc3 d5 8. cxd5
exd5 9. O-O O-O 10. Re1 c5 11. b3 Nbd7 12. Rc1 Re8 13. Ne2 Bd6 14. Bc3 Qe7 15.
Ng3 g6 16. Bb2 Ne4 17. Bb1 Rad8 18. Qe2 h5 19. dxc5 Nxg3 20. hxg3 bxc5 21. Qd3
Rc8 22. Red1 Ne5 23. Qc3 d4 24. exd4 cxd4 25. Qa5 Rxc1 26. Rxc1 Bxf3 27. gxf3
Nxf3+ 28. Kg2 Qb7 29. Qa4 Ne1+ 30. Kh3 Qh1# 0-1

[Event "37. Copenhagen Open (Politiken Cup)"]
[Site "Elsinore"]
[Date "2015.07.29"]
[Round "6"]
[White "Rose, Dennis Lauge"]
[Black "Fedchuk, Kirill"]
[Result "1-0"]
[WhiteElo "1797"]
[BlackElo "1631"]
[PlyCount "59"]
[EventDate "2015.07.25"]
[EventType "swiss"]
[EventRounds "10"]
[EventCountry "DEN"]
[Source "ChessBase"]
[SourceDate "2015.09.14"]

1. f4 d5 2. Nf3 Nf6 3. e3 c5 4. d4 e6 5. c3 Bd6 6. Bd3 b6 7. Nbd2 Bb7 8. Ne5
cxd4 9. exd4 Nfd7 10. O-O g6 11. Ndf3 Be7 12. Qe2 Nc6 13. Bd2 Qc7 14. Rac1 Rc8
15. Ng5 Bxg5 16. Nxc6 Bxc6 17. fxg5 Qd6 18. Bf4 Qe7 19. Qg4 Bb7 20. Qg3 Qf8 21.
Rf2 Qg7 22. Bd6 a6 23. Rcf1 Rc6 24. Ba3 b5 25. Qf4 Bc8 26. Qxf7+ Qxf7 27. Rxf7
Rb6 28. Bb4 Bb7 29. Re7+ Kd8 30. Rff7 1-0

[Event "37. Copenhagen Open (Politiken Cup)"]
[Site "Elsinore"]
[Date "2015.07.29"]
[Round "6"]
[White "Rosell, Sven"]
[Black "Larsen, Arne Walther"]
[Result "1/2-1/2"]
[WhiteElo "1995"]
[BlackElo "1824"]
[PlyCount "144"]
[EventDate "2015.07.25"]
[EventType "swiss"]
[EventRounds "10"]
[EventCountry "DEN"]
[Source "ChessBase"]
[SourceDate "2015.09.14"]

1. c4 Nf6 2. Nc3 g6 3. g3 Bg7 4. Bg2 O-O 5. Nf3 d6 6. O-O Nc6 7. d3 e5 8. Rb1
Rb8 9. b4 h6 10. b5 Ne7 11. Be3 b6 12. h3 Bb7 13. Qc1 Kh7 14. a4 c5 15. bxc6
Bxc6 16. Qa3 Nf5 17. Bd2 Nd7 18. Ng5+ hxg5 19. Bxc6 Nc5 20. Bg2 Nd4 21. e3 Nde6
22. Nd5 f5 23. a5 f4 24. Rfe1 f3 25. Bf1 g4 26. axb6 axb6 27. e4 gxh3 28. Kh2
Nd4 29. Qa7 Ne2 30. Bxh3 Nxd3 31. Rf1 Nc5 32. Rxb6 Rxb6 33. Qxb6 Qxb6 34. Nxb6
Nxe4 35. Be3 Bh6 36. Bxh6 Kxh6 37. Nd5 Nd2 38. Ra1 Nxc4 39. Ra4 Nd2 40. Ne3 Nd4
41. Ng4+ Kg7 42. Ra6 Ne4 43. Ra7+ Rf7 44. Ra3 Rc7 45. Re3 Nf6 46. Nxf6 Kxf6 47.
Bg4 Rc2 48. Kg1 Rc1+ 49. Kh2 Rf1 50. Bh3 Rxf2+ 51. Kg1 Re2 52. Rd3 Rb2 53. Bf1
Kg5 54. Bh3 Ne2+ 55. Kf1 Nxg3+ 56. Ke1 Ne4 57. Rxf3 d5 58. Be6 d4 59. Bf7 Rg2
60. Ra3 Kf4 61. Bd5 Rg1+ 62. Ke2 g5 63. Rf3+ Kg4 64. Bxe4 Rg3 65. Bf5+ Kh4 66.
Rf1 Re3+ 67. Kd2 g4 68. Rh1+ Kg5 69. Bd7 Kf4 70. Rh4 Rg3 71. Rh5 Rg2+ 72. Kd3
Rg3+ 1/2-1/2

[Event "37. Copenhagen Open (Politiken Cup)"]
[Site "Elsinore"]
[Date "2015.07.29"]
[Round "6"]
[White "Royset, Pal"]
[Black "Hoare, Amy B"]
[Result "1-0"]
[WhiteElo "2236"]
[BlackElo "2069"]
[PlyCount "107"]
[EventDate "2015.07.25"]
[EventType "swiss"]
[EventRounds "10"]
[EventCountry "DEN"]
[Source "ChessBase"]
[SourceDate "2015.09.14"]

1. e4 e5 2. Nf3 Nc6 3. Bb5 Nf6 4. d3 Bc5 5. O-O d6 6. c3 O-O 7. Nbd2 Bb6 8. Nc4
Ne7 9. Ba4 Ng6 10. Re1 Be6 11. Bb3 Qe7 12. a4 c6 13. a5 Bc7 14. Ne3 Nf4 15. Nf5
Qd7 16. Bxf4 exf4 17. Nxd6 Bxb3 18. Qxb3 Bxd6 19. e5 Be7 20. exf6 Bxf6 21. d4
Rfe8 22. Kf1 Qc7 23. Qa4 Qd6 24. Qc4 Rad8 25. Re2 Rxe2 26. Kxe2 Qe6+ 27. Qxe6
fxe6 28. Ra4 g5 29. Rb4 Rd7 30. Nd2 e5 31. Ne4 Be7 32. a6 bxa6 33. dxe5 Bxb4
34. Nf6+ Kf7 35. Nxd7 Ba5 36. Nb8 c5 37. Kd3 Ke6 38. Ke4 Bc7 39. Nxa6 Bxe5 40.
Nxc5+ Kd6 41. Nb7+ Ke6 42. Nd8+ Kf6 43. Nc6 Bc7 44. f3 a5 45. Kd5 h5 46. c4 g4
47. Nd4 gxf3 48. gxf3 Bb8 49. Ne6 a4 50. c5 Be5 51. c6 Bxb2 52. c7 a3 53. c8=Q
a2 54. Qh8+ 1-0

[Event "37. Copenhagen Open (Politiken Cup)"]
[Site "Elsinore"]
[Date "2015.07.29"]
[Round "6"]
[White "Rydstrom, Tom"]
[Black "Holm, Ragnar"]
[Result "1/2-1/2"]
[WhiteElo "2346"]
[BlackElo "2124"]
[PlyCount "62"]
[EventDate "2015.07.25"]
[EventType "swiss"]
[EventRounds "10"]
[EventCountry "DEN"]
[Source "ChessBase"]
[SourceDate "2015.09.14"]

1. d4 c5 2. d5 Nf6 3. Nc3 g6 4. e4 d6 5. f4 Bg7 6. Bb5+ Nfd7 7. a4 O-O 8. Nf3
a6 9. Bc4 Nb6 10. Be2 Bg4 11. Nd2 Bxe2 12. Qxe2 e6 13. a5 Nc8 14. O-O exd5 15.
exd5 Ne7 16. Nc4 Nf5 17. Bd2 Nd7 18. Qd3 h5 19. Ra3 Re8 20. Rb3 Bd4+ 21. Kh1
Rb8 22. Ne4 Qe7 23. Ng3 Nxg3+ 24. Qxg3 Qe2 25. Qd3 Qxd3 26. cxd3 Re2 27. Bc3
Nf6 28. Nxd6 Nxd5 29. Nxb7 Bxc3 30. bxc3 Nxf4 31. h3 Nxd3 1/2-1/2